| 000 | 01169nam a2200313 a 4500 | ||
|---|---|---|---|
| 001 | vtls001148637 | ||
| 003 | NLI | ||
| 005 | 20210603134500.0 | ||
| 008 | 120325n ii 000 0 hin | ||
| 020 | _cRs. 8.00 | ||
| 039 | 9 |
_y201203252144 _zVLOAD |
|
| 040 |
_aNLI _bhineng _cDatasoft_Hindi _eAACR2 |
||
| 041 | 0 | _ahin | |
| 044 | _a ii | ||
| 082 | 0 | 4 | _a 808.1 |
| 100 | 1 |
_6880-01 _aशर्मा, कृष्णकुमार, _cडॉ. _9199018 |
|
| 245 | 1 | 0 |
_6880-02 _aव्यञ्जना : _bसिद्धि और परंपरा / _cकृष्णकुमार शर्मा |
| 260 |
_aवाराणसी : _bचौखम्बा विधाभवन प्रकाशन, _c[n.d.] |
||
| 300 |
_a168 p. ; _c23 cm. |
||
| 650 | 0 | _aRhetoric | |
| 880 | 1 | 0 |
_6245-02 (B _aVyañjanā : _bsiddhi aur praṁparā / _cKriṣṇakūmār Śarmā |
| 880 | 1 |
_6100-01 (B _aŚarmā, Kriṣṇakūmār, _cDr |
|
| 887 | _a Chittojit (Sandeep Singh) | ||
| 901 |
_a40799 _b07.04.1979 |
||
| 902 | _aH 808.1 S 898 v | ||
| 904 |
_cChittojit (Sandeep Singh) _lD 670 |
||
| 942 |
_2ddc _cBKS |
||
| 949 |
_AVIRTUAITEM _D10000 _X100 _6DBA000040799HIN |
||
| 999 |
_aVIRTUA40 _c433486 _d433486 |
||